Представление документа в формате MARC21

Поле Инд. ПП Название Значение
Тип записи a
Библиографический уровень m
001 Контрольный номер RU/IS/BASE/438015671
005 Дата корректировки 20180808154544.2
020 a ISBN 978-5-16-006384-3
040 a Служба первич. каталог. НБ ТвГУ
b Код языка каталог. rus
e Правила каталог. PSBO
041 0_ a Код языка текста rus
080 a Индекс УДК 343.3/.7(075.8)
084 a Индекс другой классификации/Индекс ББК Х408.1я73-1
090 a Полочн. индекс Х408.1
x Авторский знак У 26
245 10 a Заглавие Уголовное право Российской Федерации. Особенная часть
b Продолж. заглавия учебник : [для студентов вузов, обучающихся по направлению "Юриспруденция" и специальности "Юриспруденция" : [для студентов вузов, обучающихся по программам бакалавриата] : соответствует Федеральному государственному образовательному стандарту 3-го поколения
c Ответственность под ред. д.ю.н., проф. Л. В. Иногамовой-Хегай
246 _0 a Другая форма заглавия Особенная часть
260 a Место издания Москва
b Издательство ИНФРА-М
c Дата издания 2013
300 a Объем 350, [1] с.
440 _0 a Серия Высшее образование
440 _0 a Серия Бакалавриат
500 a Примечание В вып. дан. загл. 1-й сер.: Высшее образование: Бакалавриат. - Авт. указаны на обороте тит. л. - Кн. фактически изд. в 2012 г.
504 a Библиография Библиогр. в конце глав и в подстроч. примеч.
520 0_ a Аннотация Учебник подготовлен ведущими учеными, профессорами, докторами юридических наук. Он отражает состояние уголовного законодательства и учитывает изменения и дополнения. Учебник предназначен для студентов, аспирантов и преподавателей высших юридических учебных заведений, а также для использования работниками суда, прокуратуры, МВД России, органов следствия дознания и юстиции.
653 0_ a Ключевые слова Особенная часть
a Ключевые слова Право
a Ключевые слова Российская Федерация
a Ключевые слова Уголовное право
a Ключевые слова Уголовное право России
a Ключевые слова Учебники для вузов
700 12 a Другие авторы Иногамова-Хегай Людмила Валентиновна
c Титул (звание) д.ю.н., проф.
q Полное имя Иногамова-Хегай Л. В.
700 1_ a Другие авторы Кленова Татьяна Владимировна
c Титул (звание) д.ю.н., проф.
700 1_ a Другие авторы Комиссаров Владимир Сергеевич
c Титул (звание) д.ю.н., проф.
700 1_ a Другие авторы Коняхин Владимир Павлович
c Титул (звание) д.ю.н., проф.
901 t Тип документа m
910 a гриф есть**
920 a Оператор Семен
a Оператор Рунт
a Оператор Густ
a Оператор Стро
952 c Вид литературы К ру
954 a Дата поступления на обработку 20131203
c Дата окончания ОНО 20131210
b Дата поступления в ОК 20131118